000 01126nam a2200313 i 4500
001 000030198
003 DO-SdBNP
005 20251112094104.0
007 ta
008 110504s2005 dr ad 001 0 spa d
020 _a9993420379
040 _aDO-SdBNP
_bspa
_cBNPHU
_erda
041 _aspa
082 4 _a005.12028
_bP376s, 2005
_222
100 1 _aPeguero-Cabral Francisco
_dautor
_956903
245 1 0 _aSi quieres programar diagramas de flujo y tópicos adicionales :
_bejercicios resueltos y propuestos /
_cFrancisco Peguero-Cabral.
250 _aDecima edición corregida y ampliada
264 _aSanto Domingo :
_bEditora Manatí,
_c2005
300 _a252 páginas :
_bilustraciones gráficas. ;
_c22 cm.
336 _ardacontent
_btexto
_2txt
337 _ardamedia
_bsin mediación
_2n
338 _ardacarrier
_bvolumen
_2nc
504 _aBibliografía: página 252.
590 _aInventariado,2018/DG
650 4 _aDiagramas funcionales
_xEnseñanza programada
_956904
650 4 _aProgramación (computadores eletrónicos digitales)
_956905
910 _aValidado. Control de calidad EMS.
942 _2ddc
_cLBS1
999 _c29690
_d29690